000 00463nam a2200181Ia 4500
001 16583
005 20260306170320.0
008 260306t2008||||xx |||||||||||||| ||und||
041 _aESP
082 _a348.8
_bA68
100 _aArce Ortiz, Elmer
_eAUT
245 0 _aDereho individual del trabajo en el Perú:
_bdesafíos y deficiencias
260 _c2008
300 _a580 páginas :
_c24 cm.
650 _aGEN
654 _aCDE
942 _cLIB
_dJUS
_fJUS
_2ddc
_n
999 _c16583
_d16583